Japanese Prefectures Flag - Statistics

General Stats
  • This quiz has been taken 181 times
  • The average score is 28 of 47
Answer Stats
Picture Answer % Correct
Tokyo
86%
Hokkaido
76%
Akita
74%
Ehime
73%
Nagasaki
73%
Kyoto
71%
Okinawa
71%
Aomori
68%
Hyogo
68%
Yamagata
68%
Osaka
67%
Aichi
65%
Gifu
65%
Saitama
65%
Fukushima
64%
Tottori
64%
Gunma
62%
Saga
62%
Hiroshima
61%
Kumamoto
61%
Nagano
61%
Fukuoka
59%
Kagoshima
59%
Miyazaki
59%
Oita
59%
Miyagi
58%
Wakayama
58%
Chiba
56%
Ishikawa
56%
Mie
56%
Nara
55%
Niigata
55%
Shimane
55%
Ibaraki
53%
Kagawa
53%
Kanagawa
53%
Toyama
53%
Iwate
52%
Shiga
52%
Tochigi
52%
Yamanashi
52%
Fukui
50%
Kochi
50%
Okayama
48%
Tokushima
48%
Yamaguchi
47%
Shizouka
33%
No matching quizzes found
Score Distribution
Percent of People with Each Score
Percentile by Number Answered
Your Score History
You have not taken this quiz